World of warcraft. Ashbringer /

Main Author: Neilson, Micky
Other Authors: Lullabi, Ludo, Washington, Tony
Language: Czech
Published: Praha : Crew, 2011
Series: Světové komiksy česky
Physical Description: 132 s. : vše barev. il. ; 26 cm
Book
Saved in:
LEADER 01384cam a2200409 a 4500
001 nkc20112199556
003 CZ PrNK
005 20250722151945.0
007 ta
008 110530s2011 xr a e 000 1 cze d
015 |a cnb002199556 
020 |a 978-80-7449-043-9  |q (brož.) :  |c Kč 349,00 
035 |a (OCoLC)780137991 
040 |a KLG001  |b cze  |d ABA001 
041 1 |a cze  |h eng 
072 7 |a 821-1/-8  |x Literatura různých forem a žánrů  |2 Konspekt  |9 25 
080 |a 821-312.5  |2 MRF 
080 |a (084.1)  |2 MRF 
100 1 |a Neilson, Micky  |7 xx0136631  |4 aut 
245 1 0 |a World of warcraft.  |p Ashbringer /  |c [scénář Micky Neilson ; ilustrace Ludo Lullabi a Tony Washington ; překlad Pavel Dobrovský] 
246 3 0 |a Ashbringer 
260 |a Praha :  |b Crew,  |c 2011 
300 |a 132 s. :  |b vše barev. il. ;  |c 26 cm 
490 1 |a Světové komiksy česky 
500 |a Přeloženo z angličtiny 
655 7 |a komiksy  |7 fd131978  |2 czenas 
655 9 |a comics  |2 eczenas 
700 1 |a Lullabi, Ludo  |7 xx0136633  |4 ill 
700 1 |a Washington, Tony  |7 xx0136632  |4 ill 
765 0 |t World of warcraft  |9 Česky 
765 1 |t Ashbringer  |9 Česky 
830 0 |a Světové komiksy česky  |0 s 
910 2 |a BOA001  |b 3-1278.741 
990 |a BK 
995 |a 01 
991 |b 201202  |e b 
996 6 |b 2610501598  |c 3-1278.741  |l MZK  |r Sklad / do 1 hodiny  |n 1  |p p.v.  |w 001226501  |u 000010  |a 1  |e BOA001  |j MZK50  |s P